Library Logo

Pioneer International University Library Catalogue

HISTORY AND GOVERNMENT FORM THREE (Record no. 4749)

MARC details
000 -LEADER
fixed length control field 00337nam a22001097a 4500
005 - DATE AND TIME OF LATEST TRANSACTION
control field 20250901165503.0
008 - FIXED-LENGTH DATA ELEMENTS--GENERAL INFORMATION
fixed length control field 210512b |||||||| |||| 00| 0 eng d
050 ## - LIBRARY OF CONGRESS CALL NUMBER
Classification number DS 740 .K46 2017
245 ## - TITLE STATEMENT
Title HISTORY AND GOVERNMENT FORM THREE
Remainder of title STUDENT'S BOOK
Statement of responsibility, etc. K.L.B.
260 ## - PUBLICATION, DISTRIBUTION, ETC.
Place of publication, distribution, etc. NAIROBI
Name of publisher, distributor, etc. K.L.B.
Date of publication, distribution, etc. 2017
942 ## - ADDED ENTRY ELEMENTS (KOHA)
Source of classification or shelving scheme Library of Congress Classification
Classification part DS 740 .K46 2017

No items available.